Kings of Kazallu and Marad in the Early OB Period
| Main Author: | |
|---|---|
| Format: | Print Article |
| Language: | English |
| Check availability: | HBZ Gateway |
| Interlibrary Loan: | Interlibrary Loan for the Fachinformationsdienste (Specialized Information Services in Germany) |
| Published: |
1998
|
| In: |
XXXIVème Rencontre Assyriologique Internationale
Year: 1998, Pages: 221-227 |
| Standardized Subjects / Keyword chains: | B
Sumerian language
/ Spring
B Sumer / History |
| RelBib Classification: | TC Pre-Christian history ; Ancient Near East |
| Further subjects: | B
Name
|
MARC
| LEADER | 00000naa a22000002c 4500 | ||
|---|---|---|---|
| 001 | 1589225015 | ||
| 003 | DE-627 | ||
| 005 | 20190311200807.0 | ||
| 007 | tu | ||
| 008 | 190311s1998 xx ||||| 00| ||eng c | ||
| 020 | |a 9751606667 | ||
| 035 | |a (DE-627)1589225015 | ||
| 035 | |a (DE-576)519225015 | ||
| 035 | |a (DE-599)BSZ519225015 | ||
| 040 | |a DE-627 |b ger |c DE-627 |e rakwb | ||
| 041 | |a eng | ||
| 084 | |a 1 |2 ssgn | ||
| 100 | 1 | |0 (DE-588)135991641 |0 (DE-627)573327599 |0 (DE-576)300765282 |4 aut |a Wu, Yuhong | |
| 109 | |a Wu, Yuhong |a Yuhong, Wu |a Yuhong Wu | ||
| 245 | 1 | 0 | |a Kings of Kazallu and Marad in the Early OB Period |
| 264 | 1 | |c 1998 | |
| 336 | |a Text |b txt |2 rdacontent | ||
| 337 | |a ohne Hilfsmittel zu benutzen |b n |2 rdamedia | ||
| 338 | |a Band |b nc |2 rdacarrier | ||
| 500 | |a Paralleltitel: XXXIVème Rencontre Assyriologique Internationale | ||
| 650 | 0 | 7 | |0 (DE-588)4045285-2 |0 (DE-627)106202332 |0 (DE-576)209064544 |a Personenname |2 gnd |
| 652 | |a TC | ||
| 689 | 0 | 0 | |d s |0 (DE-588)4078069-7 |0 (DE-627)106078429 |0 (DE-576)209207329 |2 gnd |a Sumerisch |
| 689 | 0 | 1 | |d s |0 (DE-588)4135952-5 |0 (DE-627)105661236 |0 (DE-576)209665084 |2 gnd |a Quelle |
| 689 | 0 | |5 (DE-627) | |
| 689 | 1 | 0 | |d g |0 (DE-588)4206844-7 |0 (DE-627)105124648 |0 (DE-576)210177675 |2 gnd |a Sumer |
| 689 | 1 | 1 | |q z |2 gnd |a Geschichte |
| 689 | 1 | |5 (DE-627) | |
| 773 | 0 | 8 | |i In |a Rencontre Assyriologique Internationale (34 : 1987 : Istanbul) |t XXXIVème Rencontre Assyriologique Internationale |d Ankara : Türk Tarih Kurumu Basımevi, 1998 |g (1998), Seite 221-227 |h XIII, 729, 213 S. |w (DE-627)1602773998 |w (DE-576)075726912 |z 9751606667 |7 nnam |
| 773 | 1 | 8 | |g year:1998 |g pages:221-227 |
| 935 | |a BIIN | ||
| 951 | |a AR | ||
| BIB | |a 1 | ||
| ELC | |b 1 | ||
| ITA | |a 1 |t 1 | ||
| LOK | |0 000 xxxxxcx a22 zn 4500 | ||
| LOK | |0 001 3059009414 | ||
| LOK | |0 003 DE-627 | ||
| LOK | |0 004 1589225015 | ||
| LOK | |0 005 20190311200807 | ||
| LOK | |0 008 190311||||||||||||||||ger||||||| | ||
| LOK | |0 035 |a (DE-Tue135-1)118518 | ||
| LOK | |0 040 |a DE-Tue135-1 |c DE-627 |d DE-Tue135-1 | ||
| LOK | |0 852 |a DE-Tue135-1 | ||
| LOK | |0 852 1 |c FTHAT044423/YGW |m p |9 00 | ||
| LOK | |0 852 2 |b Z 90 |9 00 | ||
| LOK | |0 935 |a iSWA | ||
| LOK | |0 936ln |0 1442053569 |a TC | ||
| LOK | |0 938 |k p | ||
| LOK | |0 939 |a 11-03-19 |b l12 | ||
| ORI | |a SA-MARC-ixtheoa001.raw | ||
| REL | |a 1 | ||
| STA | 0 | 0 | |a History,History,History in art,Name,Spring,Spring,Source,Sources,Sumer,Shumer,Sumerian language |
| STB | 0 | 0 | |a Histoire,Histoire,Histoire,Nom de personne,Anthroponyme,Anthroponyme,Source,Source,Source,Sources,Sumérien |
| STC | 0 | 0 | |a Fuente,Fuente,Fuente,Historia,Historia,Historia,Nombre de la persona,Sumerio |
| STD | 0 | 0 | |a Nome di persona,Sorgente,Sorgente,Fonte,Storia,Storia,Sumero |
| STE | 0 | 0 | |a 人名,历史,史,泉,泉,来源,出处,泉源,泉源 |
| STF | 0 | 0 | |a 人名,歷史,史,泉,泉,來源,出處,泉源,泉源,苏美尔语 |
| STG | 0 | 0 | |a Fonte,Fonte,Fonte,História,História,Nome da pessoa,Sumério |
| STH | 0 | 0 | |a Имя человека,История (мотив),История,Источник (гидрология, мотив),Источник (гидрология),Источник,Шумерский |
| STI | 0 | 0 | |a Όνομα προσώπου,Ιστορία (μοτίβο),Ιστορία,Πηγή (υδρολογία, μοτίβο),Πηγή (υδρολογία),Πηγή,Σουμεριακή γλώσσα |
| SUB | |a BIB |a REL | ||
| SYE | 0 | 0 | |a Anthroponym,Persönlicher Name |
| SYG | 0 | 0 | |a Neusumerisch,Altsumerisch , Quellen,Akten,Augenzeugenbericht,Texte,Historische Quelle,Geschichtsquelle,Quellensammlung,Quellen , History,Geschichtliche Epoche,Historical development,Historische Entwicklung,Landesgeschichte,Regionalgeschichte,Ortsgeschichte,Zeitgeschichte |



